Países mais úmidos e os mais secos - Statistics

Estatísticas Gerais
  • Esse quiz foi jogado 71 vezes
  • A pontuação média é 11 de 20
Estatísticas das Respostas
PMA (mm) Países % Correto
18 Egito
95%
59 Arábia Saudita
85%
89 Argélia
75%
78 Emirados Árabes Unidos
75%
56 Líbia
75%
74 Catar
70%
2.702 Indonésia
70%
3.240 Colômbia
62%
111 Jordânia
61%
2.926 Costa Rica
54%
2.875 Malásia
54%
121 Kuwait
51%
2.928 Panamá
51%
92 Mauritânia
49%
83 Bahrein
44%
3.142 Papua Nova Guiné
44%
2.722 Brunei
30%
3.028 Ilhas Salomão
25%
2.880 Samoa
23%
3.200 São Tomé e Príncipe
20%
Nenhum quiz correspondente encontrado
Distribuição das Pontuações
Porcentagem de Pessoas com Cada Pontuação
Percentil de Números Respondidos
Sua Pontuação Histórica
Você não jogou esse quiz